00438nam a22001337a 4500003000400000008004100004082001600045100002700061245011000088260003800198300001000236502001500246650004300261OSt260420b |||||||| |||| 00| 0 eng d a635.9bA62S aAnsari, Md. Shamsuddin aStudies on The effect of Plant Growth regulators on Growth and flowering of Zinnia (Zinnia elegans Jacq.) aPusa, SamastipurbRAU, Pusac1987 a101P. bMsc.d1987 aHorticulture (Vegetable & Floricuture)